Virtuálna mena v príkladoch - JÚ a PÚ

Definícia virtuálnej meny, výhody a nevýhody. Účtovanie danej meny v podvojnom a jednoduchom účtovníctve podnikateľov. Legislatíva. Príklady.

Salvato in:
Dettagli Bibliografici
Autore principale: Adamíková, Monika
Natura: Capitolo di libro
Lingua:slovacco
Soggetti:
Tags: Aggiungi Tag
Nessun Tag, puoi essere il primo ad aggiungerne!!

MARC

LEADER 00000naa a2200000 4500
001 0267039
005 20221104111039.9
041 0 |a slo 
044 |a SK 
245 1 0 |a Virtuálna mena v príkladoch - JÚ a PÚ  |c Monika Adamíková 
520 |a Definícia virtuálnej meny, výhody a nevýhody. Účtovanie danej meny v podvojnom a jednoduchom účtovníctve podnikateľov. Legislatíva. Príklady. 
610 2 0 |a účtovníctvo jednoduché 
610 2 0 |a účtovníctvo podvojné 
610 2 0 |a mena virtuálna 
610 2 0 |a legislatíva 
610 2 0 |a účtovanie 
100 1 |a Adamíková, Monika